What Am I Holding? Quiz Stats

Quiz Updated Dec 15, 2015

Also try: Fictional Emails
Challenge
Share
Tweet
Score 0/40 Timer 06:00
0 Plays Today
% Correct
Cupid
97.1%
Bugs Bunny
97.1%
Mary Poppins
96.1%
Statue of Liberty
95.5%
Little Red Riding Hood
95.1%
Jimi Hendrix
94.6%
Sherlock Holmes
94.5%
Santa Claus
94.4%
Indiana Jones
93.4%
Eve
92.9%
Grim Reaper
92.3%
Poseidon
92.1%
Wicked Witch of the West
91.5%
Captain America
91.2%
Atlas
90.6%
Louis Armstrong
89.9%
Thor
89.7%
Zeus
89.6%
Energizer Bunny
87.6%
Dirty Harry
87%
% Correct
Charlie Chaplin
86.6%
Hermione Granger
86.5%
Lady Justice
84.1%
Gandalf
82.8%
Hamlet
81%
Wonder Woman
80.8%
Billie Jean King
80.2%
Paul Bunyan
78.7%
Groucho Marx
78.7%
Leatherface
75.2%
Dumbo
74%
Linus Van Pelt
72.3%
Jason Voorhees
67.8%
Wimpy
67.2%
Bob Ross
65.3%
St. Peter
61.6%
Jacob Marley
61.5%
St. Pauli Girl
59.6%
Blue Caterpillar
57.5%
Ernst Stavro Blofeld
46.9%

You're not logged in!

Compare scores with friends on all Sporcle quizzes.
Sign Up with Email
OR
Log In

You Might Also Like...

Show Comments

Extras

Top Quizzes Today


Score Distribution

Your Account Isn't Verified!

In order to create a playlist on Sporcle, you need to verify the email address you used during registration. Go to your Sporcle Settings to finish the process.